Statystyki dla Mistrzostwa europy w piłce siatkowej mężczyzn 2023

Kliknij tutaj aby rozwiązać quiz!

Ogólne statystyki

  • Ten quiz został rozwiązany 132 razy
  • Średni wynik to 20 z 24

Statystyki odpowiedzi

GrupaPaństwo% Poprawnych
1Polska
100%
1Włochy
97%
3Niemcy
94%
3Czechy
92%
5Hiszpania
92%
1Słowenia
92%
1Francja
91%
4Belgia
90%
2Holandia
90%
2Serbia
89%
3Ukraina
89%
2Portugalia
87%
4Bułgaria
85%
6Finlandia
85%
6Grecja
83%
3Rumunia
83%
6Dania
81%
4Turcja
79%
5Czarnogóra
76%
2Chorwacja
75%
4Macedonia
75%
5Estonia
74%
6Szwajcaria
71%
5Izrael
39%

Rozkład punktacji

Percentyl według liczby udzielonych odpowiedzi

Procent ludzi z każdym wynikiem

Twoja historia wyników

Nie rozwiązałeś tego quizu